[Event "CRO-ch U11 Girls"]
[Site "Trogir"]
[Date "2017.06.18"]
[Round "3"]
[White "Trgovac, Marta"]
[Black "Dokoza, Nikolina"]
[Result "1-0"]
[WhiteElo "1344"]
[BlackElo "1297"]
[PlyCount "81"]
[EventDate "2017.06.17"]
[EventType "swiss"]
[EventRounds "9"]
[EventCountry "CRO"]
[SourceTitle "CBM 179 Extra"]
[Source "ChessBase"]
[SourceDate "2017.08.23"]
[SourceVersion "1"]
[SourceVersionDate "2017.08.23"]
[SourceQuality "1"]

1. c4 e5 2. Nc3 Nc6 3. Nf3 Nf6 4. d3 Bc5 5. e3 d6 6. Be2 Be6 7. 0-0 Qd7 8. a3 a6 9. b4 Ba7 10. Bb2 0-0 11. Rc1 h6 12. Qc2 Nh5 13. Nxe5 Nxe5 14. Bxh5 Bg4 15. Bxg4 Nxg4 16. d4 Rfe8 17. c5 Re7 18. Nd5 Re6 19. c6 Qxc6 20. Qxc6 bxc6 21. Rxc6 Bb8 22. Nxc7 Bxc7 23. Rxc7 Rg6 24. h3 Nf6 25. Rfc1 Rf8 26. R7c6 Ne4 27. Rxa6 Ng5 28. Kh2 d5 29. Rxg6 fxg6 30. f3 Ne6 31. b5 g5 32. a4 Ra8 33. Ra1 Nc7 34. b6 Na6 35. a5 Nb4 36. Bc3 Nc6 37. b7 Rb8 38. a6 Na7 39. Ba5 Rxb7 40. axb7 Nc6 41. Bc7 1-0